| 000 | 00409 a2200133 4500 | ||
|---|---|---|---|
| 020 | _a9789698121068 | ||
| 082 | _a338.46095491 | ||
| 090 |
_c6465 _d6465 |
||
| 100 | _aKhawaja, Sarfarz; Khawaja, Aqila | ||
| 245 |
_aGovernance and Poverty in Pakistan _bSome Reflections 2000- 2006 _cSarfraz Khawaja _hAqila Khawaja |
||
| 260 |
_aIslamabad _bMr. Books _c2007 |
||
| 300 | _a161 | ||
| 942 |
_aNBS _cBK _k338.46095491 KHA |
||
| 999 |
_c348827 _d348827 |
||